| 000 | 00628nam a22001577a 4500 | ||
|---|---|---|---|
| 003 | OSt | ||
| 005 | 20150916150539.0 | ||
| 008 | 150916b xxu||||| |||| 00| 0 eng d | ||
| 040 | _cRUA | ||
| 082 | _aAGR TAI 2003 B029 Or.1 | ||
| 100 |
_9603 _aTAING VANCHAN |
||
| 245 | _aEffect of drought stress on earlymphotoperiod insensitive rice at vegetative phase,(ឥទ្ធិពលនៃការរាំងស្ងួតទៅលើស្រូវស្រាលមិនប្រកាន់រដូវនៅវគ្គលូតលាស់) | ||
| 260 |
_aphnom penh _bRUA _c2003 |
||
| 300 |
_a42p. _cill. _g29cm. |
||
| 942 |
_2ddc _cAGR |
||
| 999 |
_c580 _d580 |
||